A Brief description of the principal monuments exhibited in the Egyptian Museum, Cairo /
Main Author:
Format: Book
Language: English
Published:
Cairo :
Press of the French Institute of Oriental Archaeology,
1925.
Edition: 3rd ed.
Subjects:
Tags: Add Tag
Call Number: DT59 .C3 1925a
| LEADER | 00746nam a2200229Ia 4500 | ||
|---|---|---|---|
| 001 | 9100 | ||
| 003 | OSt | ||
| 005 | 20260517055751.0 | ||
| 008 | 130303s1925 ua a 000 0 eng d | ||
| 035 | |a ocm39607922 | ||
| 040 | |c ARCE Library | ||
| 050 | 4 | |a DT59 .C3 1925a | |
| 100 | 1 | |a Daressy, Georges, |d 1864-1938, |e author | |
| 245 | 1 | 2 | |a A Brief description of the principal monuments exhibited in the Egyptian Museum, Cairo / |c by G. Daressy. |
| 250 | |a 3rd ed. | ||
| 264 | 1 | |a Cairo : |b Press of the French Institute of Oriental Archaeology, |c 1925. | |
| 300 | |a xvi, 56 pages : |b Illustrations ; |c 24 cm. | ||
| 610 | 2 | 0 | |a Matḥaf al-Miṣrī |v Catalogs. |
| 651 | 0 | |a Egypt |x Antiquities |v Catalogs. | |
| 901 | |a reviewed | ||
| 942 | |c BK |2 lcc | ||
| 999 | |c 4343 |d 4343 | ||
